A estrelinha pálida (Registo nº 34608)

Detalhes MARC
000 -Etiqueta do registo
campo de controlo de comprimento fixo 005670000a22001930004500
001 - Identificador do registo
Campo de controlo 34608
010 ## - ISBN
Número (ISBN) 978-989-96791-5-3
100 ## - Dados Gerais de Proc.
Dados gerais de processamento 20141024d2011 a y0pory5003 ba
101 0# - Língua da publicação
Língua do texto, banda sonora, etc. Português
102 ## - País de Publicação
País de publicação Portugal
200 1# - Título
Título próprio A estrelinha pálida
Primeira menção de responsabilidade Pedro Seromenho
210 ## - Publicação, Distribuição
Lugar da edição, distribuição, etc. Braga
Nome do editor, distribuidor, etc. Paleta de Cores
Data da publicação, distribuição, etc. 2011
215 ## - Descrição física
Descrição física [32] p.
Outras indicações físicas muito il.
675 ## - CDU
Notação 087.5-053.5
Edição BN
Língua da edição Português
675 ## - CDU
Notação 821.134.3-34
Edição BN
Língua da edição Português
700 #1 - Responsabilidade principal
Palavra de ordem Seromenho
Outra parte do nome Pedro
Datas 1975-
090 ## - Números de controlo do sistema (Koha)
Número biblioitem do Koha (gerado automaticamente) 34608
942 ## - Elementos de entrada adicionados (Koha)
Tipo de item no Koha Monografias
Suprimido Disponível no OPAC
999 ## - Campo local
Campo local 34608
-- Bibliobase - BMTAV
-- 2019-01-21
Exemplares
Perdido (estado) Data de aquisição Origem do registo (biblioteca) (codificado) Código da organização que empresta ou é detentora (biblioteca) Código de barras Cota Tipo de circulação (não pode ser emprestado) Tipo de item e material
Disponível 2014-10-24 Biblioteca Municipal Álvaro de Campos Biblioteca Municipal Álvaro de Campos BMTAV53841 MJ3 SER Normal Monografias